| 000 | 00346nam a2200133Ia 4500 | ||
|---|---|---|---|
| 008 | 240624s9999 xx 000 0 und d | ||
| 041 | _aeng | ||
| 082 | _a828 EXP | ||
| 100 | _aESPY WILLARD R | ||
| 245 | _aWORDS TO RHYME WITH | ||
| 260 |
_c2005 _aNew Delhi _bViva Books Private Limited |
||
| 300 | _axi, : 676 : p. : cm. ; 24 | ||
| 365 |
_cRS _b33.5 |
||
| 999 |
_c18912 _d18912 |
||